[Event "LSS RN-2009-0-00220"]
[Site "LSS email"]
[Date "2009.07.13"]
[Round "?"]
[White "Iglesias, Abel"]
[Black "Sinygovsky, Vladimir"]
[Result "0-1"]
[WhiteElo "800"]
[BlackElo "1313"]
[PlyCount "28"]
[EventDate "2009.06.12"]
[EventType "tourn (corr)"]
[EventRounds "6"]
[EventCountry "GER"]
[SourceTitle "Corr 2015"]
[Source "ChessBase"]
[SourceDate "2015.07.17"]
[SourceVersion "1"]
[SourceVersionDate "2015.07.17"]
[SourceQuality "1"]

1. e4 Nf6 2. e5 Nd5 3. d4 d6 4. Nf3 Nc6 5. c4 Nb6 6. Nc3 Bg4 7. exd6 exd6 8. Be3 Be7 9. h3 Bh5 10. g4 Bg6 11. d5 Nb4 12. Rc1 h5 13. g5 0-0 14. a3 Na6 0-1

[Event "LSS RN-2009-0-00220"]
[Site "LSS email"]
[Date "2009.07.13"]
[Round "?"]
[White "Pehl, Ferenc"]
[Black "Iglesias, Abel"]
[Result "1-0"]
[WhiteElo "797"]
[BlackElo "800"]
[PlyCount "37"]
[EventDate "2009.06.12"]
[EventType "tourn (corr)"]
[EventRounds "6"]
[EventCountry "GER"]
[SourceTitle "Corr 2011"]
[Source "ChessBase"]
[SourceDate "2010.08.31"]
[SourceVersion "1"]
[SourceVersionDate "2010.08.31"]
[SourceQuality "1"]

1. e4 e5 2. Nf3 Nf6 3. Nxe5 d6 4. Nf3 Nxe4 5. d3 Nf6 6. Be2 Be7 7. 0-0 0-0 8. Nc3 Re8 9. Re1 d5 10. d4 c6 11. a3 h6 12. h3 Bf5 13. Bd3 Bxd3 14. Qxd3 Nbd7 15. Bf4 Nf8 16. Re2 Ng6 17. Bh2 Bf8 18. Rae1 Rxe2 19. Qxe2 1-0